Statystyki dla Ludność krajów Europy

Kliknij tutaj aby rozwiązać quiz!

Ogólne statystyki

  • Ten quiz został rozwiązany 43 razy
  • Średni wynik to 6 z 42

Statystyki odpowiedzi

HintOdpowiedź% Poprawnych
3 mlnAlbania
59%
83 mlnNiemcy
59%
38 mlnPolska
59%
1 tysiącWatykan
47%
67 mlnWielka Brytania
47%
68 mlnFrancja
41%
47 mlnHiszpania
24%
59 mlnWłochy
24%
80 tysięcyAndora
18%
645 tysięcyLuksemburg
18%
10,35 mlnPortugalia
18%
41 mlnUkraina
18%
9,3 mlnBiałoruś
12%
6, 8 mlnBułgaria
12%
1 mlnEstonia
12%
18 mlnHolandia
12%
39,3 tysiąceLiechtenstein
12%
2,8 mlnLitwa
12%
1,9 mlnŁotwa
12%
521 tysięcyMalta
12%
39 tysięcyMonako
12%
19 mlnRumunia
12%
10,45 mlnSzwecja
12%
9 mlnAustria
6%
11,6 mlnBelgia
6%
3,7 mlnBośnia i Hercegowina
6%
4 mlnChorwacja
6%
618 tysięcyCzarnogóra
6%
10,5 mlnCzechy
6%
5 mlnIrlandia
6%
376 tysięcyIslandia
6%
1,8 mlnMacedonia Północna
6%
5,4 mlnNorwegia
6%
7 mlnSerbia
6%
9,7 mlnWęgry
6%
5,8 mlnDania
0%
5,5 mlnFinlandia
0%
10,6 mlnGrecja
0%
34 tysiąceSan Marino
0%
5,4 mlnSłowacja
0%
2,1 mlnSłowenia
0%
8,7 mlnSzwajcaria
0%

Rozkład punktacji

Percentyl według liczby udzielonych odpowiedzi

Procent ludzi z każdym wynikiem

Twoja historia wyników

Nie rozwiązałeś tego quizu